El Salvador: towards a new social contract?
Bewaard in:
| Hoofdauteur: | |
|---|---|
| Formaat: | Texto |
| Gepubliceerd in: |
San José:
Centro de Investigación y Adiestramiento Político Administrativo
|
| Tags: |
Voeg label toe
Geen labels, Wees de eerste die dit record labelt!
|
MARC
| LEADER | 00000 a a2200000 04500 | ||
|---|---|---|---|
| 001 | 24798 | ||
| 003 | |||
| 040 | |||
| 090 | |a 177400 | ||
| 100 | |a Robinson, Linda | ||
| 245 | |a El Salvador: towards a new social contract? | ||
| 260 | |a San José: |b Centro de Investigación y Adiestramiento Político Administrativo | ||
| 300 | |a 28 p. | ||
| 999 | |c 9107 |d 9107 | ||
